| 000 | 00722nam a22002413a 4500 | ||
|---|---|---|---|
| 005 | 20250322063757.0 | ||
| 008 | 010918s1997 mx fr 000 0 spa d | ||
| 020 | _a847884175X | ||
| 035 | _aUPN01000111738 | ||
| 049 | _aCG | ||
| 050 | 4 |
_aLC189 _bP4.3 |
|
| 100 | 1 |
_aPérez Serrano, Gloria _929577 |
|
| 245 | 1 | 0 |
_aComo educar para la democracia : _bestrategias educativas / _cGloria Pérez Serrano. |
| 260 |
_eMadrid : _bPopular, _c1997 |
||
| 300 |
_a287 p. : _bil. |
||
| 440 | 0 |
_aTrabajo social. Política social ; _v24) |
|
| 650 | 4 |
_aEducación y sociedad _96876 |
|
| 650 | 4 |
_aEducación _xAspectos políticos _91614 |
|
| 650 | 4 |
_aDemocracia _96020 |
|
| 901 | _a171539-171544 | ||
| 902 | _aMITM/pgv | ||
| 905 | _aLibro | ||
| 999 |
_c85646 _d85646 |
||